| 000 | 00366nam a22001457a 4500 | ||
|---|---|---|---|
| 003 | SGT | ||
| 020 | _aGSPEC00002018 | ||
| 082 |
_a621.382 _bMED |
||
| 100 | _aMEDIA,C.L | ||
| 245 | _aGATE 2018:ELECTRONICS & COMMUNICATION ENGINEERING,SOLVED PAPERS 2000-2017. | ||
| 260 |
_aRAMNAGAR (U.K) _bG.K.PUBLICATIONS _c2018 |
||
| 300 | _a291 | ||
| 650 | _aECE | ||
| 942 |
_2ddc _cBK |
||
| 999 |
_c14779 _d14779 |
||